Statistiques concernant Pays avec la plus basse fertilité

Cliquez ici pour prendre le quiz!

Statistiques générales

  • Ce quiz a été pris 2 707 fois
    (529 depuis la dernière actualisation)
  • Le résultat moyen est 14 sur 21

Statistiques - réponses

IndicePays% Correct
1,43Japon
90%
1,47Allemagne
82%
1,29Corée du Sud
73%
1,47Italie
72%
1,44Slovaquie
69%
1,38Grèce
68%
1,38Pologne
67%
1,47Hongrie
66%
1,49Bulgarie
65%
1,49Autriche
65%
1,38Roumanie
64%
1,48République tchèque
64%
1,46Serbie
64%
1,42Croatie
63%
1,43Andorre
61%
0,87Singapour
60%
1,33Bosnie-Herzégovine
60%
1,41Portugal
58%
1,14Taïwan
55%
1,49Malte
54%
1,48Chypre
50%

Distribution des résultats

Percentile par nombre de réponses

% des personnes avec chaque résultat

Votre développement - résultats

Vous n’avez pas pris ce quiz depuis la dernière actualisation